| 000 | 00577cam a22002291 4500 | ||
|---|---|---|---|
| 001 | sa 65005386 | ||
| 003 | DLC | ||
| 005 | 20260227112137.0 | ||
| 008 | 881210s1964 xx 000 0 urdo | ||
| 010 | _asa 65005386 | ||
| 035 | _a(OCoLC)23581029 | ||
| 040 |
_aDLC _cMiU _dDLC |
||
| 042 | _apremarc | ||
| 050 | 0 | 0 |
_aLB775 _b.S6679 |
| 100 | 1 |
_aShujāʻuddīn, Khalīfah, _d1887-1955. |
|
| 245 | 1 | 0 | _aQindīl-i fikr. |
| 260 | _c[1964] | ||
| 300 |
_a268 p. _c19 cm. |
||
| 500 | _aRomanized. | ||
| 650 | 0 |
_aEducation _xPhilosophy |
|
| 700 | 0 |
_aKhalifa Salahuddin, _d1917- _eed. |
|
| 999 |
_c64280 _d64280 |
||